000 00333nam a2200133Ia 4500
008 191014s9999 xx 000 0 und d
020 _a0-07-096560-9
082 _a621.317
_bPRA
100 _aNirmala Parkash
_920386
245 0 _aDifferential Geometry
260 _aDelhi
_bMc Graw Hill
_c1993
300 _aXiii,414
942 _cBK
999 _c530965
_d530965